| 000 | 00636cam a2200193 i 4500 | ||
|---|---|---|---|
| 020 | _a9789251087619 | ||
| 040 | _cDLC | ||
| 082 | _a338 FAO 2015 A068 Co. | ||
| 245 | 0 | 0 |
_aShifting cultivation, livelihood and food security : _bnew and old challenges for indigenous peoples in Asia / |
| 300 |
_axiv, 415 pages ; _c24 cm |
||
| 650 | 0 | _aShifting cultivation | |
| 650 | 0 | _aFood security | |
| 650 | 0 | _aIndigenous peoples | |
| 700 | 1 | _aErni, Christian, | |
| 710 | 2 | _aFAO Regional Office for Asia and the Pacific, | |
| 710 | 2 | _aInternational Work Group for Indigenous Affairs, | |
| 710 | 2 | _aAsia Indigenous Peoples Pact, | |
| 942 | _cEK | ||
| 999 |
_c15000 _d15000 |
||